[Event "Osijek op"]
[Site "Osijek"]
[Date "2013.02.23"]
[Round "6.14"]
[White "Tomasic, Roland"]
[Black "Marjanovic, Marinko"]
[Result "1-0"]
[WhiteElo "2091"]
[BlackElo "1956"]
[PlyCount "65"]
[EventDate "2013.02.21"]
[EventType "swiss"]
[EventRounds "7"]
[EventCountry "CRO"]
[SourceTitle "EXT 2014"]
[Source "ChessBase"]
[SourceDate "2013.11.20"]
[SourceVersion "1"]
[SourceVersionDate "2013.11.20"]
[SourceQuality "1"]

1. e4 e6 2. d4 d5 3. Nd2 Nf6 4. e5 Nfd7 5. c3 c5 6. Bd3 cxd4 7. cxd4 Nc6 8. Ne2 Be7 9. 0-0 f5 10. exf6 Nxf6 11. Nf3 Bd7 12. Nf4 Bd6 13. Re1 Bxf4 14. Bxf4 0-0 15. Qd2 Kh8 16. Bd6 Re8 17. Qf4 Bc8 18. Rac1 Nd7 19. Bxh7 Qf6 20. Qxf6 Nxf6 21. Bg6 Rd8 22. Ne5 Nxe5 23. dxe5 Ne8 24. Be7 Rd7 25. Bg5 Nd6 26. exd6 Rxd6 27. h4 Bd7 28. h5 Be8 29. Rc2 Bxg6 30. hxg6 e5 31. Rxe5 Rxg6 32. Rxd5 Re8 33. Rd8 1-0

[Event "Osijek-ch op"]
[Site "Osijek"]
[Date "2011.02.26"]
[Round "6"]
[White "Marjanovic, Marinko"]
[Black "Abramovic, Darko"]
[Result "0-1"]
[WhiteElo "1991"]
[BlackElo "2083"]
[PlyCount "92"]
[EventDate "2011.02.24"]
[EventType "swiss"]
[EventRounds "7"]
[EventCountry "CRO"]
[SourceTitle "EXT 2012"]
[Source "ChessBase"]
[SourceDate "2011.11.24"]
[SourceVersion "1"]
[SourceVersionDate "2011.11.24"]
[SourceQuality "1"]

1. e4 e6 2. d4 d5 3. exd5 exd5 4. Nf3 Bd6 5. Be2 Bf5 6. 0-0 Ne7 7. b3 0-0 8. c4 c6 9. Nc3 Nd7 10. Re1 Nf6 11. Bd3 Bxd3 12. Qxd3 dxc4 13. bxc4 h6 14. Bb2 Ng6 15. g3 Qd7 16. Kg2 Qg4 17. Bc1 Nh5 18. Kh1 Rfe8 19. Bd2 f5 20. Ng1 Nf6 21. h3 Qh5 22. Qf3 Qxf3+ 23. Nxf3 Bb4 24. Na4 Bxd2 25. Nxd2 Rxe1+ 26. Rxe1 Rd8 27. Nf3 Ne4 28. Kg2 Nf8 29. Nb2 Ne6 30. Rd1 Nc3 31. Rd3 Ne2 32. d5 cxd5 33. Rxd5 N2f4+ 34. gxf4 Nxf4+ 35. Kg3 Nxd5 36. cxd5 Rxd5 37. Kf4 Ra5 38. a4 b5 39. axb5 Rxb5 40. Nc4 a5 41. Nfe5 a4 42. Kxf5 Rb3 43. h4 a3 44. Nxa3 Rxa3 45. f4 Ra6 46. Ng6 Rf6+ 0-1

[Event "Osijek-ch op"]
[Site "Osijek"]
[Date "2011.02.24"]
[Round "1"]
[White "Zrno, Mijo"]
[Black "Marjanovic, Marinko"]
[Result "0-1"]
[WhiteElo "1629"]
[BlackElo "1991"]
[PlyCount "98"]
[EventDate "2011.02.24"]
[EventType "swiss"]
[EventRounds "7"]
[EventCountry "CRO"]
[SourceTitle "EXT 2012"]
[Source "ChessBase"]
[SourceDate "2011.11.24"]
[SourceVersion "1"]
[SourceVersionDate "2011.11.24"]
[SourceQuality "1"]

1. e4 e6 2. Nf3 d5 3. e5 c5 4. d4 cxd4 5. Qxd4 Nc6 6. Qd1 a6 7. Bd3 Qc7 8. Bf4 Nge7 9. 0-0 Nb4 10. a3 Nxd3 11. cxd3 Bd7 12. Nc3 Rc8 13. d4 b5 14. Rc1 Qb6 15. Na2 Nc6 16. Qd2 h6 17. Rc2 Be7 18. Nc1 f6 19. Ne2 g5 20. Be3 f5 21. Qd3 Kf7 22. Rfc1 a5 23. Bd2 a4 24. Bc3 Rc7 25. h3 Kg7 26. g3 Rhc8 27. Kg2 Be8 28. Qe3 Bg6 29. Rd2 b4 30. axb4 Nxb4 31. Ra1 Ra8 32. h4 g4 33. Ne1 Qb5 34. Nf4 Bf7 35. f3 h5 36. fxg4 hxg4 37. Ned3 Nxd3 38. Nxd3 a3 39. Ra2 Qc4 40. bxa3 Qxc3 41. Rac2 Qa5 42. Rxc7 Qxc7 43. Nc5 Qa5 44. a4 Rc8 45. Rc2 Rc6 46. Rb2 Rb6 47. Rc2 Be8 48. h5 Bxh5 49. Nd7 Qxa4 0-1

[Event "Osijek op 3rd"]
[Site "Osijek"]
[Date "2007.12.10"]
[Round "4.10"]
[White "Vihovanec, Tomislav"]
[Black "Marjanovic, Marinko"]
[Result "0-1"]
[WhiteElo "2001"]
[BlackElo "1952"]
[PlyCount "42"]
[EventDate "2007.12.08"]
[EventType "swiss"]
[EventRounds "9"]
[EventCountry "CRO"]
[SourceTitle "CBM 121 Extra"]
[Source "ChessBase"]
[SourceDate "2008.01.10"]
[SourceVersion "1"]
[SourceVersionDate "2008.01.10"]
[SourceQuality "1"]

1. e4 c5 2. Nf3 Nc6 3. d4 cxd4 4. Nxd4 a6 5. Nc3 Nf6 6. f4 d6 7. Be2 Qb6 8. Nxc6 bxc6 9. Bf3 Bb7 10. Qd3 a5 11. Be3 Qc7 12. Bd4 Ba6 13. Qe3 Rb8 14. b3 Nd7 15. 0-0-0 e5 16. fxe5 dxe5 17. Ba7 Rb7 18. Rxd7 Qxd7 19. Bc5 Be7 20. Rd1 Qe6 21. h3 Qh6 0-1

[Event "Osijek op"]
[Site "Osijek"]
[Date "2007.02.09"]
[Round "2"]
[White "Marjanovic, Marinko"]
[Black "Abramovic, Darko"]
[Result "1/2-1/2"]
[WhiteElo "1953"]
[BlackElo "1999"]
[PlyCount "82"]
[EventDate "2007.02.08"]
[EventType "swiss"]
[EventRounds "9"]
[EventCountry "CRO"]
[SourceTitle "CBM 116 Extra"]
[Source "ChessBase"]
[SourceDate "2007.03.07"]
[SourceVersion "1"]
[SourceVersionDate "2007.03.07"]
[SourceQuality "1"]

1. e4 c5 2. Nf3 d6 3. d4 cxd4 4. Nxd4 Nf6 5. Nc3 a6 6. Be2 e6 7. 0-0 Be7 8. Kh1 Nc6 9. Be3 0-0 10. f4 Qc7 11. Bf3 Bd7 12. Nb3 Na5 13. Nxa5 Qxa5 14. e5 dxe5 15. fxe5 Qxe5 16. Bd4 Qc7 17. Ne4 Nxe4 18. Bxe4 f5 19. Bd3 Bf6 20. Bxf6 Rxf6 21. Qe1 e5 22. Qb4 Be6 23. Rae1 e4 24. Be2 Raf8 25. b3 Rh6 26. h3 Qg3 27. Bc4 Qc7 28. Rxe4 Bxc4 29. Qxc4+ Qxc4 30. Rxc4 Rd6 31. Rc7 b5 32. Re1 Rdf6 33. c4 bxc4 34. bxc4 g6 35. c5 R8f7 36. Rc8+ Rf8 37. Rc7 R8f7 38. Re8+ Kg7 39. Rcc8 Rf8 40. Re7+ Kg8 41. Rcc7 R8f7 1/2-1/2

[Event "Osijek op"]
[Site "Osijek"]
[Date "2007.02.08"]
[Round "1"]
[White "Pavlovic, Vladimir"]
[Black "Marjanovic, Marinko"]
[Result "1/2-1/2"]
[WhiteElo "2193"]
[BlackElo "1953"]
[PlyCount "37"]
[EventDate "2007.02.08"]
[EventType "swiss"]
[EventRounds "9"]
[EventCountry "CRO"]
[SourceTitle "CBM 116 Extra"]
[Source "ChessBase"]
[SourceDate "2007.03.07"]
[SourceVersion "1"]
[SourceVersionDate "2007.03.07"]
[SourceQuality "1"]

1. Nf3 c5 2. c4 Nc6 3. g3 e6 4. Bg2 Nf6 5. 0-0 Be7 6. e3 d5 7. b3 Qb6 8. d4 0-0 9. dxc5 Bxc5 10. Bb2 Ne4 11. cxd5 Rd8 12. Nd4 exd5 13. Nc3 Nxc3 14. Bxc3 Be6 15. Nxe6 fxe6 16. Qg4 Qc7 17. Qxe6+ Kh8 18. Bxd5 Rd6 19. Qe4 1/2-1/2

[Event "Bizovac Metalis op 13th"]
[Site "Bizovac"]
[Date "2006.02.23"]
[Round "1"]
[White "Zufic, Miroslav"]
[Black "Marjanovic, Marinko"]
[Result "1-0"]
[WhiteElo "2406"]
[BlackElo "1981"]
[PlyCount "103"]
[EventDate "2006.02.23"]
[EventType "swiss"]
[EventRounds "7"]
[EventCountry "CRO"]
[SourceTitle "CBM 110 Extra"]
[Source "ChessBase"]
[SourceDate "2006.03.10"]
[SourceVersion "2"]
[SourceVersionDate "2006.03.10"]
[SourceQuality "1"]

1. e4 c5 2. Nf3 Nc6 3. d4 cxd4 4. Nxd4 Nf6 5. Nc3 a6 6. Nxc6 bxc6 7. e5 Ng8 8. Bc4 d5 9. exd6 exd6 10. 0-0 Nf6 11. Re1+ Be7 12. Qe2 d5 13. Bb3 Be6 14. f4 Bc5+ 15. Be3 Bxe3+ 16. Qxe3 0-0 17. Na4 Qc7 18. Nc5 Rfe8 19. Qd4 Nd7 20. Nxe6 fxe6 21. c4 Nf6 22. cxd5 exd5 23. Re5 Kh8 24. Rc1 Qd6 25. Qc5 Re6 26. h3 Rd8 27. Qxd6 Rexd6 28. Kf2 h6 29. Ke3 Nd7 30. Re7 c5 31. Bd1 Kg8 32. Bg4 c4 33. Kd4 Nb8 34. Re6 R6d7 35. Rce1 Kf8 36. Bh5 Re7 37. R1e5 Rxe6 38. Rxe6 a5 39. g4 a4 40. a3 Rc8 41. Kxd5 Nd7 42. g5 hxg5 43. fxg5 Nc5 44. Re8+ Rxe8 45. Bxe8 Nd3 46. Bxa4 Nxb2 47. Bc2 Kf7 48. Kd4 Nd3 49. Bxd3 cxd3 50. Kxd3 Kg6 51. h4 Kh5 52. Ke4 1-0